| 000 | 00692 a2200253 4500 | ||
|---|---|---|---|
| 005 | 20260209161240.0 | ||
| 008 | 260209b |||||||| |||| 00| 0 eng d | ||
| 020 |
_a9789819949533 _c€ 199.99 |
||
| 040 | _aMAIN | ||
| 082 |
_a660.6 _bA77B |
||
| 100 | _aAasim, Muhammad | ||
| 245 | _aBiotechnology and omics approaches for bioenergy crops | ||
| 260 |
_bSpringer _c2023 _aSingapore |
||
| 300 | _axv, 288 | ||
| 650 | _aBiotechnology | ||
| 650 | _aBioenerygy Crops | ||
| 650 | _aPlant Biotechnology | ||
| 700 | _aBaloch, Faheem Shehzad | ||
| 700 | _aNadeem, Muhammad Azhar | ||
| 700 | _aHabyarimana, Ephrem | ||
| 700 | _aAhmad, Shakeel | ||
| 700 | _aChung, Gyuhwa | ||
| 942 | _cBK | ||
| 999 |
_c395010 _d395010 |
||